Private pension systems and policy issues
Salvato in:
| Natura: | Libro |
|---|---|
| Lingua: | inglese |
| Pubblicazione: |
Paris
OECD
2000
|
| Serie: | Insurance and pensions
no. 1 Private pension series |
| Soggetti: | |
| Tags: |
Nessun Tag, puoi essere il primo ad aggiungerne!!
|
MARC
| LEADER | 00000nam a2200000 4500 | ||
|---|---|---|---|
| 001 | c121474 | ||
| 005 | 20221108080908.6 | ||
| 020 | |a 92-64-17634-9 | ||
| 041 | 0 | |a eng | |
| 044 | |a FR | ||
| 245 | 1 | 0 | |a Private pension systems and policy issues |
| 264 | 1 | |a Paris |b OECD |c 2000 | |
| 300 | |a 394 s. | ||
| 490 | 1 | |a Insurance and pensions |v no. 1 | |
| 830 | 0 | |a Insurance and pensions |v no. 1 | |
| 490 | 1 | |a Private pension series | |
| 830 | 0 | |a Private pension series | |
| 610 | 2 | 0 | |a penzie |
| 610 | 2 | 0 | |a dôchodky |
| 610 | 2 | 0 | |a politika dôchodková |
| 610 | 2 | 0 | |a zabezpečenie dôchodkové |
| 610 | 2 | 0 | |a zabezpečenie sociálne |
| 610 | 2 | 0 | |a porovnanie medzinárodné |
| 610 | 2 | 0 | |a fondy penzijné |
| 610 | 2 | 0 | |a investície |
| 610 | 2 | 0 | |a poistenie dôchodkové |
| 610 | 2 | 0 | |a reformy |
| 610 | 2 | 0 | |a štúdie prípadové |
| 610 | 2 | 0 | |a investori |
| 610 | 2 | 0 | |a regulácia |
| 610 | 2 | 0 | |a poistenie životné |
| 610 | 2 | 0 | |a Maďarsko |
| 610 | 2 | 0 | |a Mexiko |
| 610 | 2 | 0 | |a Veľká Británia |
| 610 | 2 | 0 | |a USA |
| 610 | 2 | 0 | |a Latinská Amerika |